Cost update (Record no. 84283)

MARC details
000 -LEADER
fixed length control field 00717cam a22001935a 4500
001 - CONTROL NUMBER
control field L157177
008 - FIXED-LENGTH DATA ELEMENTS--GENERAL INFORMATION
fixed length control field 120530e20120824xxk 000 0 eng d
035 ## - SYSTEM CONTROL NUMBER
System control number (Sirsi) u157177
041 0# - LANGUAGE CODE
Language code of text/sound track or separate title eng
100 1# - MAIN ENTRY--PERSONAL NAME
Personal name Fordham, Peter
245 00 - TITLE STATEMENT
Title Cost update
Remainder of title Q2 2012
260 ## - PUBLICATION, DISTRIBUTION, ETC.
Date of publication, distribution, etc. 2012
490 ## - SERIES STATEMENT
Series statement Building
Volume/sequential designation 277(8741) 24 August 2012, 50-52(3)
520 ## - SUMMARY, ETC.
Summary, etc. Quarterly analysis of construction costs and prices based on Davis Langdon's indices, looks at key changes; price adjustment formulae for construction contracts; materials, executive summary, key indicators; labour market statistics and wage agreements.
590 ## - LOCAL NOTE (RLIN)
Local note KA
651 #4 - SUBJECT ADDED ENTRY--GEOGRAPHIC NAME
Geographic name United Kingdom
Chronological subdivision
690 ## - LOCAL SUBJECT ADDED ENTRY--TOPICAL TERM (OCLC, RLIN)
Topical term or geographic name as entry element Construction management
9 (RLIN) 6230
942 ## - ADDED ENTRY ELEMENTS (KOHA)
Suppress in OPAC 0
Holdings
Withdrawn status Lost status Source of classification or shelving scheme Damaged status Not for loan Home library Current library Shelving location Date acquired Total Checkouts Full call number Barcode Date last seen Copy number Price effective from Koha item type
    Dewey Decimal Classification     London London Journal article 13/09/2012   L157177 157177-1001 06/08/2019 1 06/08/2019 Journal article